Latinský humanizmus

Bibliographic Details
Other Authors: Škoviera, Daniel, 1946-2021 (Compiler)
Format: Book
Language:Slovak
PhysicalDescription:604 s., [9] s. ilustr. príl. fotogr., ilustr. 21 cm
Published: Bratislava Kalligram Ústav slovenskej literatúry SAV 2008
ISBN:9788081011368
Edition:1. vyd.
Series:Knižnica slovenskej literatúry
Subjects:

MARC

LEADER 00000cam a2200000 a 4500
001 vtls010034368
003 SK-MaSNL
005 20260426020350.0
008 251029s2008 xo oac d 000 1 slo
015 |a SNBA2010/04-02056 
020 |a 9788081011368  |q (viaz.) 
035 |a BEECA379-3CA7-4332-ACF4-2D6035E09C7E 
035 |a urn:nbn:sk:snk-amk0vz 
035 |a urn:nbn:sk:snk-am0086y1 
040 |a SNK  |b slo  |c SNK  |e AACR2 
041 0 |a slo 
043 |a e-xo--- 
044 |a xo  |c SK 
072 7 |a 821.162.4.09  |x Slovenská literatúra (o nej)  |2 konspekt 
080 |a 821.124  |2 2001 
080 |a 82.02"13/15"  |2 2001 
080 |a (082.2)  |2 2001 
080 |a (437.6)  |2 2001 
080 |a (0:82-9)  |2 2001 
080 |a 82"13/15"  |2 2001 
080 |a 821.162.4  |2 2001 
245 0 0 |a Latinský humanizmus  |c [výber zostavil a doslov napísal Daniel Škoviera] 
250 |a 1. vyd. 
260 |a Bratislava  |b Kalligram  |b Ústav slovenskej literatúry SAV  |c 2008 
300 |a 604 s., [9] s. ilustr. príl.  |b fotogr., ilustr.  |c 21 cm 
490 1 |a Knižnica slovenskej literatúry  |v 23. zv. 
504 |a Bibliogr. s. 602-604. Komentáre a vysvetl. 
650 0 7 |a latinsky písaná literatúra  |2 SNKPH  |9 82714 
650 0 7 |a humanizmus (literatúra)  |2 SNKPH  |9 117517 
650 0 7 |a renesančná literatúra  |2 SNKPH  |9 69771 
650 0 7 |a slovenská literatúra  |2 SNKPH  |9 1115 
651 7 |a Slovensko  |2 SNKPH  |9 14231 
655 7 |a antológie  |2 SNKPH  |9 70414 
655 7 |a texty  |2 SNKPH  |9 70511 
700 1 |a Škoviera, Daniel,  |d 1946-2021  |4 com  |9 85343 
830 0 |a Knižnica slovenskej literatúry  |9 328625 
919 |a 978-80-8101-136-8 
958 |a NB 
958 |a LX 
968 |d 821 
999 |c 1209497  |d 1211427 
952 |a SNK  |b SNK  |y PREZ  |7 0  |p 17A0649263  |o snkSC 139410  |i snk2010/5466  |8 0  |0 0  |1 0  |4 0  |d 2010-03-17  |l 0  |r 2017-06-30 00:00:00  |w 2026-02-24 
952 |a SNK  |b SNK  |y VYP  |7 0  |p 17A0649258  |o snkSC 139410 D1  |i snk2010/5468  |8 0  |0 0  |1 0  |4 0  |d 2010-03-17  |f 1  |l 0  |r 2026-02-24 23:08:52  |w 2026-02-24 
952 |a SNK  |b SNK  |c SNK_STHKF  |y PREZ  |7 0  |p 17A1425058  |o snkSC 139410 D2  |i snk2020/7303  |8 3  |g 3.75  |0 0  |1 0  |4 0  |d 2020-05-11  |l 0  |r 2026-02-24 23:08:52  |w 2026-02-24